| 000 | 01248nam a22002177a 4500 | ||
|---|---|---|---|
| 999 |
_c59916 _d59916 |
||
| 003 | Ge_BSU | ||
| 005 | 20230510130207.0 | ||
| 008 | 230510s1987 ge ||||| |||| 00| 0 geo d | ||
| 041 | _ageo | ||
| 080 | _a94(37) ც-77 | ||
| 100 |
_aციცერონი, მარკუს ტულიუს _915557 |
||
| 245 |
_aსიტყვები კატილინას წინააღმდეგ / _cმარკუს ტულიუს ციცერონი ; ლათ. თარგმ., შესავ. წერილი, შენიშვ. და საძიებელი დაურთო იამზე გაგუამ ; რედ.: ა. ურუშაძე. |
||
| 264 |
_aთბილისი : _bთბილ. უნ-ტის გამ-ბა, _c 1987. |
||
| 300 |
_a71 გვ. ; _b20 სმ. |
||
| 501 | _aსაკუთარ სახელთა საძიებელი: გვ. 68-70. | ||
| 504 | _aშენიშვნები: გვ. 63-67. | ||
| 653 | _aძველი რომის ისტორია. | ||
| 700 |
_aურუშაძე, ა. _eრედაქტორი _93915 |
||
| 700 |
_aგაგუა, იამზე _eმთარგმნელი _918070 |
||
| 942 |
_2udc _cBK |
||